• 首页
  • 本馆介绍
  • 公告通知
  • 最新文献
  • 馆藏检索
  • 电子资源
  • 读者导购
  • 参考咨询
  • 我的图书馆
  • 登录
  • 详细信息显示
  • 放入我的书架
  • 预约/预借图书
  • 作者相关作品
  • 分类相关作品
  • 丛书相关作品
  • 出版社相关作品

书目信息

  • 表格格式
  • 工作单格式
  • 卡片格式
题名:
英语课程改革与教师观念重构
    
 
作者: 雷曼 著
分册:  
出版信息: 武汉   华中科技大学出版社  2022.3
页数: 297页
开本: 24cm
丛书名: 高校外语教育与研究文库
单 册:
中图分类: G633.412
科图分类:
主题词: 英语课--课程改革--中小学
电子资源:
ISBN: 978-7-5680-6724-9
000 01446nam0 2200277 45
001 012001002702
005 20141204082647.0
010    @a978-7-5680-6724-9@dCNY99.90
100    @a20220905d2022 em y0chiy50 ea
101 0  @aeng@gchi
102    @aCN@b420000
105    @ay z 000yy
106    @ar
200 1  @a英语课程改革与教师观念重构@Aying yu ke cheng gai ge yu jiao shi guan nian chong gou@d= Teachers' perceptions of curriculum innovation in English language teaching in China@f雷曼著@zeng
210    @a武汉@c华中科技大学出版社@d2022.3
215    @a297页@d24cm
225 1  @a高校外语教育与研究文库
300    @a上海师范大学教学改革项目“国外师范生培养改革与最新实践对上海师范大学的启示”成果 上海市教委青年教师培养项目“课程思政改革要求下高校英语教学中思政教育的渗透”成果
330    @a本书旨在探讨中小学英语教师对英语课程改革的看法和反应。研究首先通过对比“旧课标”,分析了修订后的课标对中小学英语教师的挑战。在此基础上,进一步探讨了他们在实践过程中遇到的困难。研究结果表明,“课程改革”的实施所带来的改变是积极的,广大教师只有准确把握目标内容,深刻领悟标准精髓,重新定位自己的角色,才能使英语教学扎实有效。
410  0 @12001 @a高校外语教育与研究文库
510 1  @aTeachers' perceptions of curriculum innovation in English language teaching in China@zeng
606 0  @a英语课@x课程改革@x中小学
690    @aG633.412@v5
701  0 @a雷曼@Alei man@4著
801  0 @aCN@bAHXH@c20221111
905    @b1373312-6@dG633.412@e1040@f5
    
    英语课程改革与教师观念重构= Teachers' perceptions of curriculum innovation in English language teaching in China/雷曼著.-武汉:华中科技大学出版社,2022.3
    297页;24cm.-(高校外语教育与研究文库)
    上海师范大学教学改革项目“国外师范生培养改革与最新实践对上海师范大学的启示”成果 上海市教委青年教师培养项目“课程思政改革要求下高校英语教学中思政教育的渗透”成果
    
    ISBN 978-7-5680-6724-9:CNY99.90
    本书旨在探讨中小学英语教师对英语课程改革的看法和反应。研究首先通过对比“旧课标”,分析了修订后的课标对中小学英语教师的挑战。在此基础上,进一步探讨了他们在实践过程中遇到的困难。研究结果表明,“课程改革”的实施所带来的改变是积极的,广大教师只有准确把握目标内容,深刻领悟标准精髓,重新定位自己的角色,才能使英语教学扎实有效。
●
相关链接 在E读中查询图书 在五车中查询图书 在当当中查询图书 在豆瓣中查询图书


正题名:英语课程改革与教师观念重构     索取号:G633.412/1040         预约/预借

序号 登录号 条形码 馆藏地/架位号 状态 备注
1 1373312   213733129   第一样本阅览室/ [索取号:G633.412/1040] 在馆    
2 1373313   213733138   教育系资料室/ [索取号:G633.412/1040] 在馆    
3 1373314   213733147   教育系资料室/ [索取号:G633.412/1040] 在馆    
4 1373315   213733156   第四借阅区/ [索取号:G633.412/1040] 在馆    
5 1373316   213733165   第四借阅区/ [索取号:G633.412/1040] 在馆    
唐山师范学院图书馆 欢迎您!
大连网信软件有限公司© 版权所有